Top 193 Länder nach Einwohner (absteigende Reihenfolge) - Statistiken

Allgemein
  • Dieses Quiz wurde 23 mal gespielt
  • Das Durchschnittsergebnis liegt bei 25 aus 193
Antwortstatistiken
Anzahl Einwohner (2022) Länder % Korrekt
1'436'600'000 China
92%
1'417'200'000 Indien
92%
332'800'000 Vereinigte Staaten
92%
275'500'000 Indonesien
83%
214'800'000 Brasilien
67%
235'800'000 Pakistan
67%
171'200'000 Bangladesch
58%
218'500'000 Nigeria
58%
144'300'000 Russland
58%
124'900'000 Japan
50%
127'500'000 Mexiko
50%
123'400'000 Äthiopien
42%
83'300'000 Deutschland
42%
65'800'000 Frankreich
33%
103'500'000 Ägypten
25%
99'000'000 Demokratische Republik Kongo
25%
67'600'000 Grossbritannien
25%
88'600'000 Iran
25%
54'000'000 Kenia
25%
9'000'000 Österreich
25%
115'600'000 Philippinen
25%
38'000'000 Polen
25%
60'600'000 Südafrika
25%
66'800'000 Thailand
25%
85'200'000 Türkei
25%
99'400'000 Vietnam
25%
41'100'000 Afghanistan
17%
44'900'000 Algerien
17%
100'000 Andorra
17%
46'200'000 Argentinien
17%
400'000 Belize
17%
800'000 Bhutan
17%
400'000 Brunei
17%
1'300'000 Estland
17%
1'200'000 Eswatini
17%
900'000 Fidschi
17%
33'500'000 Ghana
17%
400'000 Island
17%
58'900'000 Italien
17%
38'800'000 Kanada
17%
100'000 Kiribati
17%
49'100'000 Kolumbien
17%
1'900'000 Lettland
17%
40'000 Liechtenstein
17%
700'000 Luxemburg
17%
32'700'000 Malaysia
17%
50'000 Marshallinseln
17%
100'000 Mikronesien
17%
40'000 Monaco
17%
600'000 Montenegro
17%
33'000'000 Mosambik
17%
54'200'000 Myanmar
17%
10'000 Nauru
17%
1'300'000 Osttimor
17%
20'000 Palau
17%
33'400'000 Peru
17%
700'000 Salomonen
17%
47'400'000 Spanien
17%
51'600'000 Südkorea
17%
600'000 Suriname
17%
65'500'000 Tansania
17%
100'000 Tonga
17%
10'000 Tuvalu
17%
47'200'000 Uganda
17%
41'000'000 Ukraine
17%
35'600'000 Usbekistan
17%
300'000 Vanuatu
17%
35'600'000 Angola
8%
100'000 Antigua und Barbuda
8%
1'700'000 Äquatorialguinea
8%
25'800'000 Australien
8%
400'000 Bahamas
8%
1'500'000 Bahrain
8%
300'000 Barbados
8%
9'200'000 Belarus
8%
12'200'000 Bolivien
8%
2'600'000 Botswana
8%
5'873'420 Dänemark
8%
70'000 Dominica
8%
1'100'000 Dschibuti
8%
18'000'000 Ecuador
8%
6'300'000 El Salvador
8%
5'600'000 Finnland
8%
100'000 Grenada
8%
10'600'000 Griechenland
8%
17'800'000 Guatemala
8%
800'000 Guyana
8%
9'600'000 Honduras
8%
44'500'000 Irak
8%
5'100'000 Irland
8%
33'700'000 Jemen
8%
600'000 Kap Verde
8%
19'200'000 Kasachstan
8%
6'800'000 Kirgistan
8%
800'000 Komoren
8%
11'100'000 Kuba
8%
7'500'000 Laos
8%
2'300'000 Lesotho
8%
5'300'000 Liberia
8%
6'800'000 Libyen
8%
2'800'000 Litauen
8%
29'600'000 Madagaskar
8%
20'400000 Malawi
8%
22'600'000 Mali
8%
500'000 Malta
8%
36'700'000 Marokko
8%
1'300'000 Mauritius
8%
2'600'000 Namibia
8%
30'900'000 Nepal
8%
6'700'000 Nicaragua
8%
17'700'000 Niederlande
8%
26'200'000 Niger
8%
26'100'000 Nordkorea
8%
5'400'000 Norwegen
8%
6'800'000 Paraguay
8%
10'300'000 Portugal
8%
19'000'000 Rumänien
8%
20'000'000 Sambia
8%
200'000 Samoa
8%
200'000 São Tomé und Príncipe
8%
36'700'000 Saudi-Arabien
8%
10'500'000 Schweden
8%
8'800'000 Schweiz
8%
17'900'000 Senegal
8%
100'000 Seychellen
8%
16'300'000 Simbabwe
8%
5'400'000 Slowakei
8%
2'100'000 Slowenien
8%
22'400'000 Sri Lanka
8%
50'000 St. Kitts und Nevis
8%
200'000 St. Lucia
8%
100'000 St. Vincent und die Grenadinen
8%
46'900'000 Sudan
8%
10'000'000 Tadschikistan
8%
23'200'000 Taiwan
8%
1'400'000 Trinidad und Tobago
8%
17'700'000 Tschad
8%
10'500'000 Tschechien
8%
11'800'000 Tunesien
8%
6'400'000 Turkmenistan
8%
9'700'000 Ungarn
8%
3'600'000 Uruguay
8%
1'300'000 Zypern
8%
2'800'000 Albanien
0%
3'000'000 Armenien
0%
10'200'000 Aserbaidschan
0%
11'600'000 Belgien
0%
13'400'000 Benin
0%
3'400'000 Bosnien und Herzegowina
0%
6'800'000 Bulgarien
0%
22'700'000 Burkina Faso
0%
12'900'000 Burundi
0%
1'980'000 Chile
0%
5'200'000 Costa Rica
0%
11'200'000 Dominikanische Republik
0%
28'200'000 Elfenbeinküste
0%
3'700'000 Eritrea
0%
2'400'000 Gabun
0%
2'700'000 Gambia
0%
3'700'000 Georgien
0%
13'900'000 Guinea
0%
2'100'000 Guinea-Bissau
0%
11'600'000 Haiti
0%
9'500'000 Israel
0%
2'800'000 Jamaika
0%
11'200'000 Jordanien
0%
16'800'000 Kambodscha
0%
27'900'000 Kamerun
0%
2'700'000 Katar
0%
3'800'000 Kroatien
0%
4'100'000 Kuwait
0%
5'500'000 Libanon
0%
600'000 Malediven
0%
4'700'000 Mauretanien
0%
3'500'000 Moldau
0%
3'400'000 Mongolei
0%
5'100'000 Neuseeland
0%
1'800'000 Nordmazedonien
0%
4'600'000 Oman
0%
4'400'000 Panama
0%
9'300'000 Papua-Neuguinea
0%
6'000'000 Republik Kongo
0%
13'800'000 Ruanda
0%
6800'000 Serbien
0%
8'700'000 Sierra Leone
0%
5'500'000 Singapur
0%
17'600'000 Somalia
0%
10'900'000 Südsudan
0%
22'100'000 Syrien
0%
8'800'000 Togo
0%
28'300'000 Venezuela
0%
9'400'000 Vereinigte Arabische Emirate
0%
5'600'000 Zentral­afrikanische Republik
0%
Keine übereinstimmenden Quizze gefunden
Verteilung der Resultate
Anzahl Personen mit jedem Resultat
Perzentil nach korrekt beantworteten Fragen
Ihre Resultats-Entwicklung
Sie haben dieses Quiz noch nicht gespielt